000
00329nam a22001457a 4500
003
SGT
020
_a
9788177588262
082
_a
005.73,AHO
100
_a
AHO,ALFRED V.
245
_a
DATA STRUCTURES AND ALGORITHMS
260
_a
NEW DELHI
_b
PEARSON
_c
2006
300
_a
433
650
_a
COMPUTER SCIENCE
942
_2
ddc
_c
BK
_0
8
999
_c
21149
_d
21149